000 00314 a2200145 4500
001 150875
040 _cEscola São Tomás de Aquino
100 _aMONTORO, Suzana
240 1 0 _aEm busca da sombra
_lpor
245 1 0 _aEm busca da sombra
300 _a69
362 0 _a2007
697 _aPsicologia
942 _cBK
999 _c150875
_d150875